INTRODUCCION A LA TEORIA GENERAL DEL ESTADO (Registro nro. 56444)
[ vista simple ]
| 000 -LEADER | |
|---|---|
| fixed length control field | 01050nam a2200205 a 4500 |
| 001 - CONTROL NUMBER | |
| control field | 56444 |
| 005 - DATE AND TIME OF LATEST TRANSACTION | |
| control field | 20180714052214.0 |
| 008 - FIXED-LENGTH DATA ELEMENTS--GENERAL INFORMATION | |
| fixed length control field | 140415s2007 mx 000 0 spa d |
| 020 ## - INTERNATIONAL STANDARD BOOK NUMBER | |
| International Standard Book Number | 9689184438 |
| 041 ## - LANGUAGE CODE | |
| Language code of text/sound track or separate title | spa |
| 082 ## - DEWEY DECIMAL CLASSIFICATION NUMBER | |
| Classification number | 320.1 |
| Item number | ROD |
| 100 1# - MAIN ENTRY--PERSONAL NAME | |
| Personal name | RODRIGUEZ ROMERO, SALVADOR |
| 245 10 - TITLE STATEMENT | |
| Title | INTRODUCCION A LA TEORIA GENERAL DEL ESTADO |
| 250 ## - EDITION STATEMENT | |
| Edition statement | 1a ed. |
| 260 ## - PUBLICATION, DISTRIBUTION, ETC. | |
| Place of publication, distribution, etc. | MEXICO : |
| Name of publisher, distributor, etc. | POPOCATEPETL EDITORES, |
| Date of publication, distribution, etc. | 2007 |
| 300 ## - PHYSICAL DESCRIPTION | |
| Extent | 274 |
| Dimensions | 14 x 1.5 x 22 |
| 490 ## - SERIES STATEMENT | |
| Series statement | TEXTOS JURIDICOS |
| 520 ## - SUMMARY, ETC. | |
| Summary, etc. | SOBRE EL ESTADO SE HA ESCRITO, MUCHO LO MISMO A FAVOR QUE EN CONTRA, PERO SIEMPRE SE HA RECOCNOCIDO SU RELAIDAD Y SU AUTORIDAD, ASI POR EJEMPLO, EN AQUELLOS TIEMPO: LE ENVIARON A JESUS, ALGUNOS FARISEOS Y HERODIANOS, A FIN DE ENREDARLO EN ALGUNA PALABRA. VINIERON ELLOS Y LE DIJERON: MAESTRO, SABEMOS QUE TU ERES VERAZ, QUE NO TIENES MIEDO A NADIE, Y QUE NO MIRAS LA CARA DE LOS HOMBRES, SINO QUE ENSEÑAS EL CAMINO DE DIOS CON VERDAD. ¿ES ILICITO EL TRIBUTO A CESAR?¿PAGAREMOS O NO PAGARE |
| 650 14 - SUBJECT ADDED ENTRY--TOPICAL TERM | |
| Topical term or geographic name entry element | CIENCIAS POLITICAS |
| General subdivision | ESTADO |
| Withdrawn status | Lost status | Source of classification or shelving scheme | Damaged status | Not for loan | Collection code | Home library | Current library | Shelving location | Date acquired | Source of acquisition | Inventory number | Total Checkouts | Full call number | Barcode | Date last seen | Date last checked out | Price effective from | Koha item type |
|---|---|---|---|---|---|---|---|---|---|---|---|---|---|---|---|---|---|---|
| Dewey Decimal Classification | General | Biblioteca Karol Wojtyla | Biblioteca Karol Wojtyla | Sala general | 03/12/2013 | Compra | 151000000000000000056214 | 320.1 ROD | 85197 | 05/01/2026 | 12/03/2018 | 03/12/2013 | Libro |